Thermal and electrical properties of blends of polyacrylate and poly (ethylene oxide) with and without lithium perchlorate /
Saved in:
| Main Author: | |
|---|---|
| Format: | Thesis Book |
| Language: | English |
| Published: |
2009.
|
| Subjects: | |
| Tags: |
Add Tag
No Tags, Be the first to tag this record!
|
| LEADER | 01018cam a2200265 a 4500 | ||
|---|---|---|---|
| 001 | u796824 | ||
| 003 | SIRSI | ||
| 005 | 201009071000 | ||
| 008 | 100907s2009 my a t 000 0 eng m | ||
| 040 | |a UMM | ||
| 090 | |a QD3 |b UMP 2009 Sim | ||
| 100 | 1 | |a Sim, Lai Har. | |
| 245 | 1 | 0 | |a Thermal and electrical properties of blends of polyacrylate and poly (ethylene oxide) with and without lithium perchlorate / |c Sim Lai Har. |
| 260 | |c 2009. | ||
| 300 | |a xx, 161 leaves : |b ill. ; |c 30 cm. | ||
| 502 | |a Thesis (Ph.D) -- Jabatan Kimia, Fakulti Sains, Universiti Malaya, 2010. | ||
| 504 | |a Bibliography: leaves 113-130. | ||
| 650 | 0 | |a Polyethylene oxide |x Thermal properties. | |
| 650 | 0 | |a Polyelectrolytes |x Thermal properties. | |
| 650 | 0 | |a Polyethylene oxide |x Electric properties. | |
| 650 | 0 | |a Polyelectrolytes |x Electric properties. | |
| 710 | 2 | |a Universiti Malaya. |b Jabatan Kimia. | |
| 900 | |a HA | ||
| 596 | |a 1 | ||
| 999 | |a QD3 UMP 2009 SIM |w LC |c 1 |i A514476235 |d 10/1/2011 |f 10/1/2011 |g 1 |l STACKS |m P01UTAMA |r Y |s Y |t TESIS |u 7/1/2011 | ||
